[Event "Irwin/Haring/Denker/Barber/Rockefeller Championships 2021"]
[Site "Crowne Plaza Cherry Hill, United States"]
[Date "????.??.??"]
[Round "4.11"]
[White "Mahajan, Rushaan"]
[Black "Park, Evan"]
[Result "1/2-1/2"]
[TimeControl "G/90;+30"]
[WhiteTitle "CM"]
[WhiteElo "2213"]
[BlackElo "2352"]

1. Nf3 {[%clk 01:30:14]} {[%emt 00:00:46]} d5 {[%clk 01:30:59]} {[%emt
00:00:19]} 2. g3 {[%clk 01:30:22]} {[%emt 00:00:13]} Nf6 {[%clk 01:30:46]}
{[%emt 00:00:34]} 3. Bg2 {[%clk 01:30:50]} {[%emt 00:00:22]} e6 {[%clk
01:30:54]} {[%emt 00:00:05]} 4. c4 {[%clk 01:31:16]} {[%emt 00:00:06]} Be7
{[%clk 01:30:25]} {[%emt 00:00:54]} 5. d4 {[%clk 01:31:28]} {[%emt 00:00:33]}
O-O {[%clk 01:29:38]} {[%emt 00:01:26]} 6. Nc3 {[%clk 01:31:17]} {[%emt
00:00:19]} dxc4 {[%clk 01:25:57]} {[%emt 00:04:09]} 7. Ne5 {[%clk 01:31:44]}
{[%emt 00:00:46]} Qd6 {[%clk 01:19:49]} {[%emt 00:05:58]} 8. Nxc4 {[%clk
01:29:27]} {[%emt 00:02:43]} Qa6 {[%clk 01:20:14]} {[%emt 00:00:31]} 9. Qb3
{[%clk 01:26:43]} {[%emt 00:02:51]} Rd8 {[%clk 01:13:53]} {[%emt 00:07:44]} 10.
O-O {[%clk 01:14:56]} {[%emt 00:11:45]} Nc6 {[%clk 00:57:22]} {[%emt 00:16:39]}
11. e3 {[%clk 01:09:56]} {[%emt 00:05:30]} Na5 {[%clk 00:51:00]} {[%emt
00:06:50]} 12. Nxa5 {[%clk 01:10:21]} {[%emt 00:00:18]} Qxa5 {[%clk 00:51:29]}
13. Rd1 {[%clk 01:09:25]} {[%emt 00:01:13]} e5 {[%clk 00:47:30]} {[%emt
00:04:30]} 14. Bd2 {[%clk 01:03:02]} {[%emt 00:06:59]} Be6 {[%clk 00:36:07]}
{[%emt 00:12:12]} 15. Qb5 {[%clk 01:01:29]} {[%emt 00:01:39]} Qxb5 {[%clk
00:34:22]} {[%emt 00:02:53]} 16. Nxb5 {[%clk 01:01:50]} Bc4 {[%clk 00:31:54]}
{[%emt 00:02:31]} 17. Nxc7 {[%clk 00:38:40]} {[%emt 00:23:45]} Rac8 {[%clk
00:31:49]} {[%emt 00:00:39]} 18. dxe5 {[%clk 00:38:47]} {[%emt 00:00:10]} Ng4
{[%clk 00:29:07]} {[%emt 00:03:18]} 19. h3 {[%clk 00:34:56]} {[%emt 00:04:25]}
Nxf2 {[%clk 00:17:12]} {[%emt 00:12:25]} 20. Kxf2 {[%emt 00:00:26]} Rxc7 {[%emt
00:00:15]} 21. Ba5 {[%emt 00:01:22]} Rxd1 22. Rxd1 b6 23. Rc1 Bd8 24. Rd1 Be7
25. b3 Be6 26. Be1 Rc2+ 27. Rd2 Rc5 28. Rd4 Rxe5 29. Bb4 Bxb4 30. Rxb4 Rc5 31.
Rd4 Rc2+ 32. Ke1 Kf8 33. Rd2 Rc1+ 34. Ke2 Ke7 35. Kd3 Bf5+ 36. Kd4 Kd6 37. g4
Be6 38. Be4 h6 39. Ba8 g5 40. Be4 a5 41. Ba8 b5 42. Be4 a4 43. bxa4 bxa4 44.
Bf5 Bxf5 45. gxf5 Rh1 46. Rb2 Rxh3 47. Rb4 Ke7 48. Rxa4 Kf6 49. e4 g4 50. Ra7
Rf3 51. e5+ Kxf5 52. Rxf7+ Ke6 53. Rxf3 {[%clk 00:33:45]} 1/2-1/2

[Event "Irwin/Haring/Denker/Barber/Rockefeller Championships 2021"]
[Site "Crowne Plaza Cherry Hill, United States"]
[Date "????.??.??"]
[Round "4.12"]
[White "Tang, Austin"]
[Black "Sethuraman, Roshan"]
[Result "1-0"]
[TimeControl "G/90;+30"]
[WhiteElo "1852"]
[BlackElo "1689"]

1. e4 {[%clk 01:30:57]} {[%emt 00:00:07]} e5 {[%clk 01:30:47]} {[%emt
00:00:51]} 2. Nf3 {[%clk 01:31:23]} Nc6 {[%clk 01:31:04]} 3. Bb5 {[%clk
01:31:48]} a6 {[%clk 01:31:29]} 4. Ba4 {[%clk 01:32:11]} Nf6 {[%clk 01:31:52]}
5. Qe2 {[%clk 01:32:36]} {[%emt 00:00:06]} b5 {[%clk 01:32:05]} {[%emt
00:00:12]} 6. Bb3 {[%clk 01:32:59]} {[%emt 00:00:46]} Be7 {[%clk 01:32:31]} 7.
O-O {[%clk 01:33:10]} O-O {[%clk 01:32:57]} 8. c3 {[%clk 01:33:32]} d6 {[%clk
01:32:02]} {[%emt 00:01:23]} 9. Rd1 {[%clk 01:33:38]} {[%emt 00:00:34]} Na5
{[%clk 01:32:11]} {[%emt 00:00:15]} 10. Bc2 {[%clk 01:33:45]} {[%emt 00:00:18]}
c5 {[%clk 01:32:37]} {[%emt 00:00:27]} 11. d4 {[%clk 01:29:49]} {[%emt
00:04:04]} Qc7 {[%clk 01:32:58]} {[%emt 00:00:14]} 12. a4 {[%clk 01:27:06]}
{[%emt 00:03:37]} Bd7 {[%clk 01:32:27]} {[%emt 00:01:06]} 13. d5 {[%clk
01:22:25]} {[%emt 00:05:00]} b4 {[%clk 01:30:03]} {[%emt 00:02:32]} 14. Nbd2
{[%clk 01:20:08]} {[%emt 00:02:44]} Nh5 {[%clk 01:26:33]} {[%emt 00:03:53]} 15.
Nf1 {[%clk 01:13:26]} {[%emt 00:07:21]} Nf4 {[%clk 01:23:25]} {[%emt 00:03:32]}
16. Bxf4 {[%clk 01:13:30]} {[%emt 00:00:34]} exf4 {[%clk 01:23:53]} {[%emt
00:00:04]} 17. e5 {[%clk 01:11:50]} {[%emt 00:02:07]} g6 {[%clk 01:21:42]}
{[%emt 00:02:53]} 18. cxb4 {[%clk 01:06:43]} {[%emt 00:05:22]} cxb4 {[%clk
01:21:34]} {[%emt 00:00:52]} 19. Rac1 {[%clk 00:59:24]} {[%emt 00:08:01]} Qb8
{[%clk 01:19:54]} {[%emt 00:01:48]} 20. b3 {[%clk 00:58:27]} {[%emt 00:01:58]}
Bg4 {[%clk 01:19:13]} {[%emt 00:00:44]} 21. exd6 {[%clk 00:47:23]} {[%emt
00:11:27]} Bxd6 {[%clk 01:19:33]} {[%emt 00:00:39]} 22. h3 {[%clk 00:46:57]}
{[%emt 00:00:28]} Re8 {[%clk 01:18:26]} {[%emt 00:01:34]} 23. Qd3 {[%clk
00:46:26]} {[%emt 00:01:03]} Bxf3 {[%clk 01:17:22]} {[%emt 00:02:11]} 24. Qxf3
{[%clk 00:46:05]} {[%emt 00:00:30]} Ra7 {[%clk 01:16:11]} {[%emt 00:01:24]} 25.
Nd2 {[%clk 00:45:07]} {[%emt 00:01:30]} f5 {[%clk 01:14:45]} {[%emt 00:02:09]}
26. Bd3 {[%clk 00:39:25]} {[%emt 00:06:05]} Qb6 {[%clk 01:13:16]} {[%emt
00:01:54]} 27. Nc4 {[%clk 00:36:51]} {[%emt 00:03:01]} Nxc4 {[%clk 01:13:39]}
{[%emt 00:00:09]} 28. Rxc4 {[%clk 00:36:49]} {[%emt 00:01:05]} Rc7 {[%clk
01:13:13]} {[%emt 00:00:38]} 29. Rc6 {[%clk 00:35:17]} {[%emt 00:02:08]} Rxc6
{[%clk 01:13:37]} 30. dxc6 {[%clk 00:35:43]} Bc5 {[%clk 01:07:46]} {[%emt
00:06:39]} 31. Bxa6 {[%clk 00:31:14]} {[%emt 00:04:34]} Bxf2+ {[%clk 01:07:03]}
{[%emt 00:01:27]} 32. Qxf2 {[%clk 00:31:40]} Qxa6 {[%clk 01:07:26]} {[%emt
00:00:07]} 33. Qc5 {[%clk 00:30:11]} {[%emt 00:01:52]} Qe2 {[%clk 01:03:15]}
{[%emt 00:04:35]} 34. Qd5+ {[%clk 00:30:24]} {[%emt 00:00:14]} Kg7 {[%clk
01:03:03]} {[%emt 00:01:25]} 35. Qd4+ {[%clk 00:30:43]} Kg8 {[%clk 01:03:02]}
36. c7 {[%clk 00:29:08]} {[%emt 00:02:08]} f3 {[%clk 01:02:32]} {[%emt
00:00:56]} 37. Qc4+ {[%clk 00:28:44]} {[%emt 00:01:17]} Kh8 {[%clk 01:02:10]}
{[%emt 00:00:25]} 38. Qd4+ {[%clk 00:28:42]} {[%emt 00:00:41]} Kg8 {[%clk
01:02:27]} {[%emt 00:00:09]} 39. Qd5+ {[%clk 00:29:08]} {[%emt 00:00:11]} Kh8
{[%clk 01:02:33]} {[%emt 00:00:18]} 40. Qxf3 {[%clk 00:29:18]} {[%emt
00:00:39]} Qe7 {[%clk 01:01:42]} {[%emt 00:00:59]} 41. Qb7 {[%clk 00:28:26]}
{[%emt 00:01:53]} Qe3+ {[%clk 01:01:41]} {[%emt 00:00:06]} 42. Kh1 {[%clk
00:28:45]} {[%emt 00:00:11]} Qe2 {[%clk 01:01:29]} {[%emt 00:00:37]} 43. Rc1
{[%clk 00:28:55]} {[%emt 00:00:23]} Qd2 {[%clk 01:01:29]} {[%emt 00:00:27]} 44.
c8=Q {[%clk 00:29:08]} {[%emt 00:00:24]} Qxc1+ {[%clk 01:01:42]} {[%emt
00:00:17]} 45. Qxc1 {[%clk 00:29:34]} {[%emt 00:00:04]} f4 {[%clk 01:02:03]}
{[%emt 00:00:20]} 46. Qa1+ {[%clk 00:29:59]} Re5 {[%clk 01:02:30]} 47. Qxe5+
{[%clk 00:30:21]} {[%emt 00:00:03]} Kg8 {[%clk 01:02:58]} {[%emt 00:00:04]} 48.
Qeg7# {[%clk 00:30:41]} {[%emt 00:00:10]} 1-0